Производственная безопасность: практическое пособие

Detaylı Bibliyografya
Yazar: Федорчук А. И. Александр Иванович
Özet:Изложены основополагающие вопросы производственной безопасности на предприятиях, в том числе при эксплуатации электроустановок и другого наиболее травмоопасного оборудования и машин. Рассмотрены мероприятия по снижению влияния вредных и опасных факторов производственной среды. Дан раздел по обеспечению пожарной безопасности, в том числе агропромышленного комплекса. Книга рассчитана на руководителей и инженерно-технических работников предприятий, специалистов по охране труда, студентов ВУЗов и ССУЗов.
Dil:Rusça
Baskı/Yayın Bilgisi: Минск, Техноперспектива, 2005
Konular:
Materyal Türü: Kitap
KOHA link:https://koha.lib.tpu.ru/cgi-bin/koha/opac-detail.pl?biblionumber=110284

MARC

LEADER 00000nam0a2200000 4500
001 110284
005 20231101214926.0
010 |a 9856591260 
035 |a (RuTPU)RU\TPU\book\119098 
090 |a 110284 
100 |a 20070221d2005 km y0rusy50 ca 
101 0 |a rus 
102 |a BY 
105 |a y j 001zy 
200 1 |a Производственная безопасность  |e практическое пособие  |f А. И. Федорчук 
210 |a Минск  |c Техноперспектива  |d 2005 
215 |a 302 с. 
320 |a Библиогр.: с. 295-300. 
330 |a Изложены основополагающие вопросы производственной безопасности на предприятиях, в том числе при эксплуатации электроустановок и другого наиболее травмоопасного оборудования и машин. Рассмотрены мероприятия по снижению влияния вредных и опасных факторов производственной среды. Дан раздел по обеспечению пожарной безопасности, в том числе агропромышленного комплекса. Книга рассчитана на руководителей и инженерно-технических работников предприятий, специалистов по охране труда, студентов ВУЗов и ССУЗов. 
606 1 |a Производственная безопасность  |2 stltpush  |3 (RuTPU)RU\TPU\subj\52441  |9 70877 
610 1 |a промышленная безопасность 
610 1 |a производственная среда 
610 1 |a параметры 
610 1 |a нормализация 
610 1 |a экологическая безопасность 
610 1 |a опасные факторы 
610 1 |a вредные факторы 
610 1 |a грузоподъемные машины 
610 1 |a эксплуатация 
610 1 |a мобильная техника 
610 1 |a сосуды под давлением 
610 1 |a радиационная безопасность 
610 1 |a выбросы 
610 1 |a сельскохозяйственное производство 
610 1 |a электробезопасность 
610 1 |a пожарная безопасность 
610 1 |a охрана труда 
610 1 |a анализ 
610 1 |a прогнозирование 
610 1 |a ПЭВМ 
610 1 |a персональные электронные вычислительные машины 
610 1 |a компьютерное тестирование 
610 1 |a практические пособия 
675 |a 658.345(07)  |v 3 
700 1 |a Федорчук  |b А. И.  |g Александр Иванович 
801 1 |a RU  |b 63413507  |c 20070221  |g PSBO 
801 2 |a RU  |b 63413507  |c 20141007  |g PSBO 
942 |c BK 
959 |a 21/20070221  |d 1  |e 352,00  |f ЧЗТЛ:1